000 00672nam a2200217Ia 4500
005 20230622100949.0
008 131103s9999 xx 000 0 und d
020 _a978-1-84331-262-8
_cRs.791.21
040 _aLoreto College
041 _aEnglish
082 _a941.081
_bWAD
100 _aWade,Stephen
245 _aSpies in the Empire
_b Victorian military intelligence
_cStephen Wade
260 _aLondon
_bAnthem Press
_c2007
300 _a276p
504 _aIncludes bibliographical references and index
650 _aGreat Britain-History-19th century
651 _aMilitary intelligence-Great Britain-History-19th century
850 _aLCLIB
942 _cBK
999 _c36027
_d86506